000 00453nam a2200157 4500
001 132938
003 ES-MaACL
005 20230906194301.0
007 t|
008 070214s1973 sp r ||||1| spa d
100 1 _aRoyo Mendaza, José María.
_9100234
245 1 4 _aLos curas se pierden en Madrid /
_cJosé Mª Royo Mendaza.
260 _aValencia :
_bSemana Gráfica,
_c1973.
300 _a214 p. ;
_c21 cm.
852 _aES-MaACL
_jC-54030
_bR.86771
999 _c132938
_d132938